Veřejné licence v České republice verze 2.0

Saved in:
Bibliographic Details
Main Author: Myška, Matěj
Format: Book
Language:Czech
English
Published: Brno Masarykova univerzita v Brně 2014
Subjects:
Tags: Add Tag
No Tags, Be the first to tag this record!

MARC

LEADER 00000nam a2200000 4500
001 0195354
005 20240313133632.7
020 |a 978-80-210-7192-6 
041 0 |a cze 
041 0 |a eng 
044 |a CZ 
245 1 0 |a Veřejné licence v České republice  |b verze 2.0  |c Matěj Myška ... [et al.] 
264 1 |a Brno  |b Masarykova univerzita v Brně  |c 2014 
300 |a 187 s. 
610 2 0 |a licencie 
610 2 0 |a právo autorské 
610 2 0 |a vlastníctvo duševné 
610 2 0 |a práca vedecká 
610 2 0 |a softvér 
610 2 0 |a sektor verejný 
610 2 0 |a dáta 
610 2 0 |a bibliografia 
610 2 0 |a Česko 
100 1 |a Myška, Matěj